Central Library OPAC University of Rajshahi

Studies of Genotype-Environment interaction shown by coleoptile length In Wheat (Triticum aestivum L. em Thell) / (Record no. 80740)

MARC details
000 -LEADER
fixed length control field 00895nam a22002417a 4500
001 - CONTROL NUMBER
RUCL Control Number 80740
003 - CONTROL NUMBER IDENTIFIER
rucl marc code BD-RjUL
005 - DATE AND TIME OF LATEST TRANSACTION
control field 20230524112608.0
008 - FIXED-LENGTH DATA ELEMENTS--GENERAL INFORMATION
fixed length control field 221109s1984 bg a|||| m||| 00| 0 eng d
035 ## - SYSTEM CONTROL NUMBER
system control number (BD-RjUL)80740
040 ## - CATALOGING SOURCE
Original cataloging agency BD-RjUL
Language of cataloging eng
Transcribing agency BD-RjUL
Modifying agency BD-RjUL
041 ## - LANGUAGE CODE
Language code of Book eng
082 ## - DEWEY DECIMAL CLASSIFICATION NUMBER
DDC Edition number 23
Classification number 633.11
Author mark and Year ISS 1984
100 ## - MAIN ENTRY--PERSONAL NAME
Personal name Islam, Quazi Nazrul
9 (RLIN) 5776
245 10 - TITLE STATEMENT
Title Studies of Genotype-Environment interaction shown by coleoptile length In Wheat (Triticum aestivum L. em Thell) /
Statement of responsibility, etc By Quazi Nazrul Islam ;
Name of Supervisor/Co-Supervisor Supervisor : O. I. Joarder
260 ## - PUBLICATION, DISTRIBUTION, ETC. (IMPRINT)
Place of publication, distribution, etc Rajshahi :
Name of publisher, distributor, etc Department of Botany, University of Rajshahi,
Date of publication, distribution, etc 1984
300 ## - PHYSICAL DESCRIPTION
Pagination vii, 286 leaves :
Other physical details ill, ;
Dimensions 29.cm.
502 ## - DISSERTATION NOTE
Dissertation note Thesis (M. Phil.) -- Department of Botany, University of Rajshahi, 1984
504 ## - BIBLIOGRAPHY, ETC. NOTE
Bibliography, etc References : Leaves 269 - 286
650 ## - SUBJECT ADDED ENTRY--TOPICAL TERM
Topical term or geographic name as entry element Wheat
700 ## - ADDED ENTRY--SUPERVISOR/CO-SUPERVISOR NAME
Personal name Joarder, O. I. Supervisor
9 (RLIN) 5586
942 ## - ADDED ENTRY ELEMENTS (KOHA)
Source of classification or shelving scheme Dewey Decimal Classification
Koha item type Theses
Holdings
Source of classification or shelving scheme Damaged status Not for loan Collection code Permanent Location Current Location Shelving location Date of accession Source of acquisition Total Checkouts Full call number Barcode Date last seen Copy number Thesis
Dewey Decimal Classification   Not For Loan Theses Central Library, University of Rajshahi Central Library, University of Rajshahi Documentation Section 09/03/1988 Controller of Exam. R.U.   THE 633.11 ISS 1984 D1030 09/11/2022 C-1 Theses